Abnormal psychology : (Record no. 4201)
[ view plain ]
| 000 -LEADER | |
|---|---|
| fixed length control field | 00814cam a22002171a 4500 |
| 020 ## - INTERNATIONAL STANDARD BOOK NUMBER | |
| ISBN | 0471837857 |
| 020 ## - INTERNATIONAL STANDARD BOOK NUMBER | |
| ISBN | 047106159X |
| 020 ## - INTERNATIONAL STANDARD BOOK NUMBER | |
| ISBN | 0471888761 |
| 050 ## - CALL NUMBER | |
| Classification number | RC454 |
| Item number | .D3 |
| 100 1# - AUTHOR | |
| Personal name | Davison, Gerald C. |
| 245 10 - TITLE | |
| Title | Abnormal psychology : |
| Remainder of title | an experimental clinical approach. |
| 250 ## - EDITION | |
| Edition statement | Third edition, 1982. |
| 250 ## - EDITION | |
| Edition statement | Fourth edition, 1986. |
| 260 ## - PUBLICATION INFORMATION | |
| Place of publication | New York : |
| Name of publisher | Wiley, |
| Year of publication | ©1982. |
| 300 ## - DESCRIPTION | |
| Number of Pages | xxiii, 823 pages : |
| Other physical details | illustrations ; |
| Dimensions | 26 cm |
| 500 ## - NOTES | |
| General note | Includes index |
| 505 ## - FORMATTED CONTENTS NOTE | |
| Table of Content | Part 1. Introduction and basic issues <br/>Part 2. Emotional disorders and reaction to stress <br/>Part 3. Social problems <br/>Part 4. The schizophrenias <br/>Part 5. Developmental disorders <br/>Part 6. Treatment <br/>References<br/>Glossary |
| 650 #0 - SUBJECTS | |
| Topical Term | Psychology, Pathological. |
| 700 1# - OTHER AUTHORS | |
| Personal name | Neale, J. M. |
| 942 ## - ADDED ENTRY ELEMENTS (KOHA) | |
| Koha item type | Books |
| Withdrawn status | Lost status | Collection code | Home library | Current library | Shelving location | Date acquired | Full call number | Accession Number | Koha item type |
|---|---|---|---|---|---|---|---|---|---|
| Reference | Methodist University Library Main | Methodist University Library Main | General Stacks | 27/08/2004 | RC454 .D3 | 3926 | Books |